Les plus gros transferts du football - Nés en 1987 - Statistiques

Statistiques générales
  • Ce quiz a été pris 93 fois
  • Le résultat moyen est 9 sur 10
Statistiques - réponses
Montant de transfert (M €) Saison Nationalité Venant de Allant à Joueur % Correct
64,50 2013-2014 Uruguay Napoli Paris SG Edinson Cavani
94%
90,00 2016-2017 Argentine Napoli Juventus Turin Gonzalo Higuaín
94%
36,00 2013-2014 Argentine Real Madrid Napoli Gonzalo Higuaín
94%
81,72 2014-2015 Uruguay Liverpool Barcelone Luis Suárez
93%
49,50 2014-2015 Brésil Chelsea Paris SG David Luiz
92%
35,00 2016-2017 Brésil Pairs SG Chelsea David Luiz
92%
35,00 2009-2010 France Olympique Lyonnais Real Madrid Karim Benzema
92%
38,25 2015-2016 Chili Juventus Turin Bayern Munich Arturo Vidal
90%
42,00 2017-2018 Italie Juventus Turin AC Milan Leonardo Bonucci
75%
35,00 2018-2019 Italie AC Milan Juventus Turin Leonardo Bonucci
75%
Aucun quiz correspondant
Distribution des résultats
% des personnes avec chaque résultat
Percentile par nombre de réponses
Votre historique - résultats
Vous n’avez pas pris ce quiz